00794naa a2200205 uc450000100070000000500170000700800410002403500160006504000130008104100080009410000350010224500920013726000790022930000150030865000230032365000240034671000690037071100700043977300790050982099920240201184229.0021004e19891001 spa  a820999z366 ccomduadb aspa10aGarcia B., Carlos A.4auteaut10aRetos y dificultades en el control de la gestion de las empresas electricas de Colombia aBogotá :bAsociacion Colombiana para la Modernizacion del Estado,c1989. ap. 264-280 aSector eléctrico aEmpresas públicas20aAsociacion Colombiana para la Modernizacion del Estado4auteaut20aForo Nacional sobre Servicios Publicos (1989 : Bogota),4auteaut0 tForo Nacional sobre Servicios Públicosw815992w(OCoLC)7777525050259402